000 00875pam a2200289 a 4500
001 4432479
003 OSt
005 20140310182230.0
008 940322r1994 nyu 000 1 eng
010 _a 94014753
020 _a0061093653
_c$23.00 ($29.95 Can.)
040 _aDLC
_cDLC
_dDLC
050 0 0 _aPR 6051.R285
_b.Ar671 1995
082 0 0 _aFIC
_bAr2t 1994
100 1 _aArcher, Jeffrey,
_d1940-
_918100
245 1 0 _aTwelve red herrings /
_cJeffrey Archer.
250 _a1st U.S. ed.
260 _aNew York :
_bHarperCollins Publishers,
_cc1995.
300 _a366 p. ;
_c17 cm.
541 _j1
562 _e1
650 _aFiction
_9746
740 0 _a12 red herrings.
906 _a7
_bcbc
_corignew
_d1
_eocip
_f19
_gy-gencatlg
942 _2lcc
_cFIC
999 _c10897
_d10897